Central Library OPAC University of Rajshahi

Livingstone and Africa / (Record no. 23897)

MARC details
000 -LEADER
fixed length control field 00771cam a22002651 4500
001 - CONTROL NUMBER
control field 23897
003 - CONTROL NUMBER IDENTIFIER
rucl marc code BD-RjUL
005 - DATE AND TIME OF LATEST TRANSACTION
control field 20211209001002.0
008 - FIXED-LENGTH DATA ELEMENTS--GENERAL INFORMATION
fixed length control field 140312s1955 enka 001 0beng
035 ## - SYSTEM CONTROL NUMBER
System control number (BD-RjUL)23962
System control number (OCoLC)1705291
040 ## - CATALOGING SOURCE
Original cataloging agency DLC
Transcribing agency OClU
Modifying agency OCoLC
-- Uk
-- DLC
-- BD-RjUL
Language of cataloging eng
041 ## - LANGUAGE CODE
Language code of text/sound track or separate title eng
082 00 - DEWEY DECIMAL CLASSIFICATION NUMBER
Edition number 20
Classification number 916
Author mark and year SIL 1955
100 1# - MAIN ENTRY--PERSONAL NAME
Personal name Simmons, Jack,
Dates associated with a name 1915-
9 (RLIN) 72647
245 10 - TITLE STATEMENT
Title Livingstone and Africa /
Statement of responsibility, etc. By Jack Simmons.
260 ## - PUBLICATION, DISTRIBUTION, ETC. (IMPRINT)
Place of publication, distribution, etc. London :
Name of publisher, distributor, etc. English Universities Press,
Date of publication, distribution, etc. 1955.
300 ## - PHYSICAL DESCRIPTION
Pagination v, 179 p. :
Illustrations illus. ;
Size 18cm.
490 0# - SERIES STATEMENT
Series statement Teach yourself history library
504 ## - BIBLIOGRAPHY, ETC. NOTE
Bibliography, etc Includes index.
600 10 - SUBJECT ADDED ENTRY--PERSONAL NAME
Personal name Livingstone, David,
Dates associated with a name 1813-1873
942 ## - ADDED ENTRY ELEMENTS (KOHA)
Source of classification or shelving scheme Dewey Decimal Classification
Koha item type Books
Holdings
Lost status Source of classification or shelving scheme Damaged status Not for loan Collection code Permanent Location Current Location Shelving location Date acquired Source of acquisition Total Checkouts Full call number Date last seen Copy number Koha item type
  Dewey Decimal Classification   Added to bundle Non-fiction Central Library, University of Rajshahi Central Library, University of Rajshahi Reading Room 07/01/1959 Colombo plan   916 SIL 1955 12/03/2014 C-1 Books